शेक्षणिक पुस्तकालय प्रणाली / (Record no. 120439)
[ view plain ]
| 000 -LEADER | |
|---|---|
| fixed length control field | 01438nam a22003017a 4500 |
| 003 - CONTROL NUMBER IDENTIFIER | |
| control field | dpl |
| 005 - DATE AND TIME OF LATEST TRANSACTION | |
| control field | 20180626141352.0 |
| 008 - FIXED-LENGTH DATA ELEMENTS--GENERAL INFORMATION | |
| fixed length control field | 180626b xxu||||| |||| 00| 0 eng d |
| 010 ## - LIBRARY OF CONGRESS CONTROL NUMBER | |
| LC control number | B-242490 |
| 020 ## - INTERNATIONAL STANDARD BOOK NUMBER | |
| Terms of availability | 00.00 |
| International Standard Book Number | 8190274163 |
| 035 ## - SYSTEM CONTROL NUMBER | |
| System control number | B-242490, B-242494 |
| 037 ## - SOURCE OF ACQUISITION | |
| Source of stock number/acquisition | Cen Lib/Ret |
| 040 ## - CATALOGING SOURCE | |
| Original cataloging agency | DPL |
| Language of cataloging | HN |
| Transcribing agency | 0 |
| 082 ## - DEWEY DECIMAL CLASSIFICATION NUMBER | |
| Classification number | 027.7 |
| Item number | शर्माबी |
| 100 ## - MAIN ENTRY--PERSONAL NAME | |
| Personal name | शर्मा, बी.के. |
| 9 (RLIN) | 90423 |
| 245 ## - TITLE STATEMENT | |
| Title | शेक्षणिक पुस्तकालय प्रणाली / |
| Statement of responsibility, etc | बी.के.शर्मा [और] डी.वी.सिंह |
| 246 ## - VARYING FORM OF TITLE | |
| Title proper/short title | Shaishnik pustakalya pranali / |
| Remainder of title | by B.K.Sharma [aur] D.V.Singh |
| 260 ## - PUBLICATION, DISTRIBUTION, ETC. (IMPRINT) | |
| Place of publication, distribution, etc | आगरा |
| Name of publisher, distributor, etc | वाई.के.पब्लिशर्स |
| Date of publication, distribution, etc | 2006 |
| 270 ## - ADDRESS | |
| City | आगरा |
| Address | ब्लाक-77, संजय प्लेस |
| 300 ## - PHYSICAL DESCRIPTION | |
| Extent | 488पृ. |
| Dimensions | 21सेमी(सजिल्द) |
| 500 ## - GENERAL NOTE | |
| General note | संदर्भ शामिल |
| 650 ## - SUBJECT ADDED ENTRY--TOPICAL TERM | |
| Topical term or geographic name as entry element | आधुनिक समाज -- पुस्तकालयों की भूमिका |
| 9 (RLIN) | 90424 |
| 650 ## - SUBJECT ADDED ENTRY--TOPICAL TERM | |
| Topical term or geographic name as entry element | पुस्तकालय -- ऐतिहासिक पृष्टभूमि एवं विकास |
| 9 (RLIN) | 90425 |
| 650 ## - SUBJECT ADDED ENTRY--TOPICAL TERM | |
| Topical term or geographic name as entry element | Modern society - the role of libraries |
| 9 (RLIN) | 90426 |
| 650 ## - SUBJECT ADDED ENTRY--TOPICAL TERM | |
| Topical term or geographic name as entry element | Library - Historical background and development |
| 9 (RLIN) | 90427 |
| 700 ## - ADDED ENTRY--PERSONAL NAME | |
| Personal name | डी.वी.सिंह |
| 9 (RLIN) | 53613 |
| 942 ## - ADDED ENTRY ELEMENTS (KOHA) | |
| Source of classification or shelving scheme | Dewey Decimal Classification |
| Koha item type | Hindi Books |
| Classification part | 027.7 |
| Call number suffix | शर्माबी |
| Withdrawn status | Lost status | Damaged status | Not for loan | Home library | Current library | Date acquired | Source of acquisition | Cost, normal purchase price | Total Checkouts | Total Renewals | Full call number | Barcode | Date last seen | Date checked out | Copy number | Cost, replacement price | Price effective from | Koha item type | Source of classification or shelving scheme | Collection code |
|---|---|---|---|---|---|---|---|---|---|---|---|---|---|---|---|---|---|---|---|---|
| Central Library | Central Library | 22/09/2015 | Cen Lib/Ret | 0.00 | 9 | 8 | 027.7 शर्माबी | B-242490 | 27/06/2024 | 21/05/2024 | 1 | 0.00 | 22/09/2015 | Hindi Books | ||||||
| Shahdara Branch | Shahdara Branch | 26/06/2018 | BPPD/PUB | 0.00 | 20 | 21 | 027.7 शर्माबी | B-242494 | 04/05/2023 | 13/04/2023 | 0.00 | 26/06/2018 | Hindi Books | Dewey Decimal Classification | Non-fiction |
